NORWEGIAN WOOD (Record no. 1222325)

MARC details
000 -LEADER
fixed length control field 00355nam a2200145Ia 4500
008 - FIXED-LENGTH DATA ELEMENTS--GENERAL INFORMATION
fixed length control field 260601s1868 xx 000 0 und d
020 ## - INTERNATIONAL STANDARD BOOK NUMBER
International Standard Book Number 978-0-099-44882-2
041 ## - LANGUAGE CODE
Language code of text/sound track or separate title eng
082 ## - DEWEY DECIMAL CLASSIFICATION NUMBER
Classification number 895.635/MUR
100 ## - MAIN ENTRY--PERSONAL NAME
Personal name MURAKAMI HARUKI
245 ## - TITLE STATEMENT
Title NORWEGIAN WOOD
260 ## - PUBLICATION, DISTRIBUTION, ETC.
Place of publication, distribution, etc. SINGAPORE
Name of publisher, distributor, etc. PENGUIN RANDOM HOUSE
Date of publication, distribution, etc. 1868
300 ## - PHYSICAL DESCRIPTION
Extent P.B,389
650 ## - SUBJECT ADDED ENTRY--TOPICAL TERM
Topical term or geographic name entry element MBA
Holdings
Withdrawn status Lost status Damaged status Not for loan Home library Current library Date acquired Source of acquisition Cost, normal purchase price Total Checkouts Full call number Barcode Date last seen Price effective from Koha item type
        Institute of Management, Kolhapur Institute of Management, Kolhapur 23/12/2025 BHARATI MADYHAVARTI SAHAKARI GRAHAK BHANDAR LTD.PUNE 599.00   895.635/MUR MCK-15654 02/06/2026 02/06/2026 Reference Books